000 00966nam a22002417a 4500
001 76293
003 BD-RjUL
005 20211209082825.0
008 191120r2019 ||||| |||| 00| 0 ben d
020 _a9847015602413
035 _a(BD-RjUL)76514
040 _aBD-RjUL
_beng
_cBD-RjUL
041 _aeng
082 _223
_a297.509
_bISM 2019
100 _aইসলাম, আমিনুল
_9235212
245 _aমুসলিম দর্শন ও সংস্কৃতি /
_cআমিনুল ইসলাম
250 _aপরিমার্জিত প্রথম সংস্করণ /২০১২
260 _aঢাকা :
_bমাওলা ব্রাদার্স,
_c২০১২ [মুদ্রণ ২০১৯]
300 _a৩৬৮ পৃ. ;
_c২২ সেমি.
504 _aবিবলিওগ্রাফি ও ইনডেক্স সম্বলিত।
650 _aIslamic philosophy.
_9235213
942 _2ddc
_cBK
999 _c76293
_d76293